Rock and Roll by Letter K - Statistics

General Stats
  • This quiz has been taken 109 times
  • The average score is 8 of 15
Answer Stats
Hint Answer % Correct
This "Dust in the Wind" band is named after a state Kansas
95%
This Led Zep song is named after an area of land disputed over by India and Pakistan Kashmir
85%
Neil Diamond sang about a woman from this state Kentucky Woman
78%
This English band was formed by the brothers Davies the Kinks
76%
Albums include "Love Gun", "Destroyer" and "Monster" Kiss
72%
Complete the title of this REM song: What's the Frequency....? Kenneth
66%
Bob Seger claimed to be going to this capital city of Nepal in this song Katmandu
61%
This Paul Simon song is named after Kodak 35mm film Kodachrome
59%
This Queen song is about a high class call girl Killer Queen
56%
This Metal band's name is a sylized version of a very common vegetable Korn
54%
"Theres a Little Black Spot on the Sun Today, It's the Same Old Thing as Yesterday" King of Pain
37%
LL Cool J's Mom apparently said this Knock You Out
37%
This company is famous for it's hard selling commercials marketing compilation albums K-Tel
37%
The Rolling Stones tongue logo was inspired by this Indian Hindu Goddess Kali the Destroyer
18%
The fourth studio album by Radiohead Kid A
18%
No matching quizzes found
Score Distribution
Percent of People with Each Score
Percentile by Number Answered
Your Score History
You have not taken this quiz